| 000 | 00820nam a22002777a 4500 | ||
|---|---|---|---|
| 001 | 6875 | ||
| 003 | FISKH | ||
| 005 | 20250604102344.0 | ||
| 008 | 250604b cb ||||| |||| 00| 0 eng d | ||
| 020 | _a9780152048488 | ||
| 040 |
_aFISKH _beng _cFISKH _dFISKH |
||
| 050 | _aPZ7.B6773 N | ||
| 082 | _a335 | ||
| 100 | _aBowers, Tim | ||
| 245 |
_aA new home / _cTim Bowers |
||
| 260 |
_aOrlando : _bGreen Light Readers, _c2002. |
||
| 300 |
_a20 unnumbered pages : _bcolor illustrations ; _c22 cm |
||
| 490 |
_aFor the reader who's ready to go! _vLevel 1 |
||
| 505 | _aE | ||
| 520 | _aMatt the squirrel has a new home, but misses his old friends. | ||
| 521 | 8 |
_a280
_bLexile estimate |
|
| 521 | 8 |
_aE
_bRaz-Plus |
|
| 650 |
_aAnimals _vRelationships _xPicture boo |
||
| 942 |
_2ddc _cBK _n0 |
||
| 999 |
_c6875 _d6875 |
||